Legal aspects of health care administration /

Bibliographic Details
Main Author: Pozgar, George D.
Corporate Author: Hayt, Hayt & Landau
Format: Book
Language:English
Published: Germantown, Md. : Aspen Systems Corp., 1979.
Subjects:

MARC

Tag First Indicator Second Indicator Subfields
LEADER 00000pam a2200000 a 4500
001 in00000071028
005 20151008062024.0
008 780522s1979 mdu 00110 engm
010 |a  78017276  
020 |a 0894430440 
035 |a (OCoLC)04003889 
035 |9 AAJ9347AM 
040 |a DLC  |c DLC  |d m.c.  |d TXA  |d UtOrBLW 
043 |a n-us--- 
049 |a TXAM  |c [932670] 
050 0 0 |a KF3821  |b .P69 
060 0 |a W44 P893L 
082 0 |a 344/.73/041 
100 1 |a Pozgar, George D. 
245 1 0 |a Legal aspects of health care administration /  |c George D. Pozgar, with the assistance of the law firm Hayt , Hayt & Landau. 
264 1 |a Germantown, Md. :  |b Aspen Systems Corp.,  |c 1979. 
300 |a xv, 247 pages ;  |c 24 cm. 
336 |a text  |b txt  |2 rdacontent 
337 |a unmediated  |b n  |2 rdamedia 
338 |a volume  |b nc  |2 rdacarrier 
500 |a "An Aspen publication." 
500 |a Includes index. 
650 0 |a Medical laws and legislation  |z United States. 
650 0 |a Medical personnel  |x Malpractice  |z United States. 
650 2 |a Legislation, Medical  |z United States. 
650 2 |a Malpractice. 
650 2 |a Delivery of Health Care  |z United States. 
710 2 |a Hayt, Hayt & Landau. 
999 |a MARS 
999 f f |s d7759a2c-3e5d-3c53-a4a4-85a1289cac93  |i fff730d2-df97-395a-af5e-c08aa05f9e3c  |t 0 
952 f f |p normal  |a Texas A&M University  |b College Station  |c Sterling C. Evans Library  |d Evans: Library Stacks  |t 0  |e KF3821 .P69  |h Library of Congress classification  |i unmediated -- volume  |m A14806156042 
998 f f |a KF3821 .P69  |t 0  |l Evans: Library Stacks